书目信息 |
| 题名: |
中国城市女性贫困问题研究
|
|
| 作者: | 吴玲 著 | |
| 分册: | ||
| 出版信息: | 北京 经济管理出版社 2018.12 |
|
| 页数: | 183页 | |
| 开本: | 24cm | |
| 丛书名: | 河海大学社科精品文库 | |
| 单 册: | ||
| 中图分类: | D669.68 | |
| 科图分类: | ||
| 主题词: | 城市--女性--贫困问题--研究--中国 | |
| 电子资源: | ||
| ISBN: | 978-7-5096-6247-2 | |
| 000 | 01136nam 2200277 450 | |
| 001 | 2337650615 | |
| 005 | 20231211102752.72 | |
| 010 | @a978-7-5096-6247-2@d98.00CNY | |
| 100 | @a20200513d2018 em y0chiy50 ea | |
| 101 | 0 | @achi |
| 102 | @aCN@b110000 | |
| 105 | @aak a 000yy | |
| 200 | 1 | @a中国城市女性贫困问题研究@Azhong guo cheng shi nv xing pin kun wen ti yan jiu@d= Study on urban women of China living in poverty@f吴玲著@zeng |
| 210 | @a北京@c经济管理出版社@d2018.12 | |
| 215 | @a183页@c图@d24cm | |
| 225 | 2 | @a河海大学社科精品文库@Ahe hai da xue she ke jing pin wen ku |
| 314 | @a吴玲, 管理学博士, 副编审。 | |
| 320 | @a有书目 | |
| 330 | @a本书运用社会性别研究方法, 对我国城市贫困女性进行研究。将社会性别范畴和社会性别分析方法纳入贫困问题的研究, 消除社会性别的政策盲视, 为制定缓解我国城市女性贫困的经济政策和社会政策提供新的思路和建议。 | |
| 410 | 0 | @12001 @a河海大学社科精品文库 |
| 510 | 1 | @aStudy on urban women of China living in poverty@zeng |
| 606 | 0 | @a城市@x女性@x贫困问题@x研究@y中国 |
| 690 | @aD669.68@v5 | |
| 701 | 0 | @a吴玲@Awu ling@4著 |
| 801 | 0 | @aCN@b湖北三新@c20200513 |
| 905 | @aBZT@dD669.68@e6 | |
| 中国城市女性贫困问题研究= Study on urban women of China living in poverty/吴玲著.-北京:经济管理出版社,2018.12 |
| 183页:图;24cm.-(河海大学社科精品文库) |
| ISBN 978-7-5096-6247-2:98.00CNY |
| 本书运用社会性别研究方法, 对我国城市贫困女性进行研究。将社会性别范畴和社会性别分析方法纳入贫困问题的研究, 消除社会性别的政策盲视, 为制定缓解我国城市女性贫困的经济政策和社会政策提供新的思路和建议。 |
| ● |
| 相关链接 |
|
|
|
正题名:中国城市女性贫困问题研究
索取号:D669.68/6
 
预约/预借
| 序号 | 登录号 | 条形码 | 馆藏地/架位号 | 状态 | 备注 |
| 1 | 2001588131 | 2001588131 | 辽三/辽宁北配(第三批)/1942/ [索取号:D669.68/6] | 在馆 | |
| 2 | 2001588132 | 2001588132 | 辽三/辽宁北配(第三批)/1942/ [索取号:D669.68/6] | 在馆 | |
| 3 | 2001588133 | 2001588133 | 辽三/辽宁北配(第三批)/1942/ [索取号:D669.68/6] | 在馆 | |
| 4 | 2001588134 | 2001588134 | 辽三/辽宁北配(第三批)/1942/ [索取号:D669.68/6] | 在馆 | |
| 5 | 2001588135 | 2001588135 | 辽三/辽宁北配(第三批)/1942/ [索取号:D669.68/6] | 在馆 | |
| 6 | 2001588136 | 2001588136 | 辽三/辽宁北配(第三批)/1942/ [索取号:D669.68/6] | 在馆 | |
| 7 | 2001588137 | 2001588137 | 辽三/辽宁北配(第三批)/1942/ [索取号:D669.68/6] | 在馆 | |
| 8 | 2001588138 | 2001588138 | 辽三/辽宁北配(第三批)/1942/ [索取号:D669.68/6] | 在馆 | |
| 9 | 2001588139 | 2001588139 | 辽三/辽宁北配(第三批)/1942/ [索取号:D669.68/6] | 在馆 | |
| 10 | 2001588140 | 2001588140 | 辽三/辽宁北配(第三批)/1942/ [索取号:D669.68/6] | 在馆 |